Normal view MARC view
  • Desarrollo infantil

Entry Materia

Number of records used in: 746

001 - NÚMERO DE CONTROL DEL REGISTRO

  • campo de control: 176

003 - IDENTIFICADOR DE NUMERO DE CONTROL

  • campo de control: MX-MxUPN

005 - FECHA Y HORA DE LA ÚLTIMA TRANSACCIÓN

  • campo de control: 20240905124727.0

008 - DATOS DE LONGITUD FIJA

  • campo de control de longitud fija: 220907n||acnnnbabn | ana |d

035 ## - NÚMERO DE CONTROL DEL SISTEMA

  • Número de control del sistema: UPN10000000176

040 ## - FUENTE DE LA CATALOGACIÓN

  • Centro catalogador de origen: MX-MxUPN
  • Lengua de catalogación: spa
  • Agencia de transcripción: MX-MxUPN

053 #4 - NÚMERO CLASIFICADOR - BIBLIOTECA DEL CONGRESO (LC)

  • Elemento numérico de la clasificación - Número único o no. inicial del rango: BF295

053 #4 - NÚMERO CLASIFICADOR - BIBLIOTECA DEL CONGRESO (LC)

  • Elemento numérico de la clasificación - Número único o no. inicial del rango: HQ767.9

150 ## - ENCABEZAMIENTO - TEMÁTICO

  • Término de materia o nombre geográfico como elemento inicial: Desarrollo infantil

450 ## - VÉASE - MATERIA

  • Encabezamiento temático: Desarrollo del niño

450 ## - VÉASE - MATERIA

  • Encabezamiento temático: Niños -
  • Subdivisión temática general: Desarrollo

670 ## - FUENTE EN LA QUE SE LOCALIZARON DATOS

  • Cita de la fuente: DGB UNAM, 7 septiembre 2022:
  • Información localizada: encabezamiento (Desarrollo infantil)

902 ## - CATALOGADOR

  • Catalogador: CAA/220796